00809nam a22002657a 450000500170000000800410001701000290005802000260008703500270011303700150014003700210015504000180017608200170019410000200021111000030023124501080023426000470034227000650038930000260045450000510048065000030053165000030053465000030053770000030054020110524122628.0110524t xxu||||| |||| 00| 0 eng d aENG-102506 B-452327-331 a9788184503241c880.00 aEN-86039 B-452327-331 bDBAD / PUB bVirtuous Pub/Ven adplbEnglish  a344.54140544 aGoenka, Sunanda  aImmoral trafficking of women and children :cby Sunanda Goenkabtransational crime and legal process / aNew Delhi bDeep & Deep Publicationsc2011 aF-159, Rajouri GardenbNew Delhi e110027k25435369,25440916 axx, 247 p.c22cm (Hb) aIncludes bibliographical references and index